[Event "ICS rated blitz match"]
[Site "207.99.83.229"]
[Date "1999.05.31"]
[Round "?"]
[White "DiepX"]
[Black "Hossa"]
[Result "1-0"]
[WhiteElo "2658"]
[BlackElo "2470"]
[PlyCount "53"]

1. e4 e5 2. Nf3 Nc6 3. Bb5 Bc5 4. c3 Nf6 5. d4 exd4 6. e5 Qe7 7. O-O Nxe5 8.
Re1 Nfg4 9. Nxe5 Nxe5 10. f4 dxc3+ 11. Kh1 O-O 12. Rxe5 cxb2 13. Bxb2 Qd6 14.
Nd2 a6 15. Bc4 Qb6 16. Nb3 Bd6 17. Rg5 g6 18. Qf3 Bb4 19. Qe4 Qd6 20. Rd5 Qc6
21. Qe5 f6 22. Rc5+ d5 23. Bxd5+ Be6 24. Bxe6+ Kg7 25. Rxc6 fxe5 26. Bxe5+ Kh6
27. Rxc7 {Hossa resigns} 1-0

[Event "ICS Rated blitz match"]
[Site "207.99.83.229"]
[Date "1999.05.31"]
[Round "?"]
[White "Hossa"]
[Black "DeepViolet"]
[Result "1-0"]
[WhiteElo "2469"]
[BlackElo "2893"]
[PlyCount "57"]

1. e4 e5 2. Nf3 Nc6 3. Bb5 a6 4. Ba4 Nf6 5. O-O d6 6. Bxc6+ bxc6 7. d4 Nxe4 8.
Qe2 f5 9. dxe5 c5 10. exd6 cxd6 11. Ng5 Be7 12. Nxe4 fxe4 13. Qxe4 d5 14. Qf3
Rf8 15. Qh5+ g6 16. Qxh7 Bf5 17. Bh6 g5 18. Qg7 Qd6 19. Re1 Be4 20. Bxg5 Bxg5
21. Qxg5 Kd7 22. Nc3 Bxg2 23. Qg4+ Kc7 24. Qxg2 Rg8 25. Re7+ Qxe7 26. Nxd5+ Kd6
27. Nxe7 Rxg2+ 28. Kxg2 Kxe7 29. c4 {DeepViolet resigns} 1-0

[Event "ICS rated blitz match"]
[Site "207.99.83.229"]
[Date "1999.05.31"]
[Round "?"]
[White "Hossa"]
[Black "DiepX"]
[Result "1-0"]
[WhiteElo "2498"]
[BlackElo "2666"]
[PlyCount "80"]

1. e4 e5 2. Nf3 Nc6 3. Bb5 a6 4. Ba4 Nf6 5. O-O d6 6. Bxc6+ bxc6 7. d4 exd4 8.
Qxd4 c5 9. Qd1 Bg4 10. Re1 Nd7 11. Bf4 Qf6 12. Qc1 Bxf3 13. gxf3 g5 14. Bg3 Bg7
15. Nc3 Qxf3 16. Nd5 Rc8 17. Qxg5 Bf6 18. Nxf6+ Qxf6 19. Qxf6 Nxf6 20. e5 dxe5
21. Rxe5+ Kf8 22. Rxc5 c6 23. Rd1 Ne4 24. Rc4 Nxg3 25. hxg3 Rg8 26. Rd7 c5 27.
Rd5 Ke7 28. Rdxc5 Rxc5 29. Rxc5 Rb8 30. b3 Rd8 31. Kg2 Rd2 32. a4 Ke6 33. Rc6+
Rd6 34. Rxd6+ Kxd6 35. b4 Kd5 36. b5 axb5 37. axb5 Kc5 38. c4 Kb6 39. Kf3 h6
40. Ke4 40... Kc7 {DiepX resigns} 1-0

[Event "ICS rated blitz match"]
[Site "207.99.83.229"]
[Date "1999.05.31"]
[Round "?"]
[White "DiepX"]
[Black "Hossa"]
[Result "1/2-1/2"]
[WhiteElo "2643"]
[BlackElo "2521"]
[PlyCount "123"]

1. e4 c5 2. Nf3 e6 3. d4 cxd4 4. Nxd4 Nf6 5. Nc3 d6 6. g4 h6 7. g5 hxg5 8. Bxg5
Be7 9. Ndb5 O-O 10. Rg1 Ne8 11. Bh6 a6 12. Nd4 Qb6 13. Nb3 Nc6 14. Qd3 Bf6 15.
a3 Ne5 16. Qh3 Ng6 17. Bd2 a5 18. a4 Be5 19. Qf3 Bd7 20. Bd3 Bxh2 21. Rh1 Ne5
22. Qd1 Nxd3+ 23. cxd3 Be5 24. Be3 Qb4 25. d4 f6 26. dxe5 fxe5 27. Ra3 Rc8 28.
Qh5 Nf6 29. Qh4 Rxc3 30. Bd2 Qxa3 31. bxa3 Rxb3 32. Ke2 Rxa3 33. f3 Rxa4 34.
Ke3 Ra3+ 35. Ke2 Bb5+ 36. Kd1 Rxf3 37. Bg5 Rf1+ 38. Rxf1 Bxf1 39. Qe1 Ng4 40.
Be7 Nf2+ 41. Kc2 Bd3+ 42. Kb2 Bxe4 43. Qxa5 Nd3+ 44. Ka3 b6 45. Qxb6 Ra8+ 46.
Kb3 Nc5+ 47. Kb4 Ra4+ 48. Kc3 Ra3+ 49. Kd2 Rd3+ 50. Ke1 Nb7 51. Qc7 Kh7 52. Ke2
Kh6 53. Bf8 Kh5 54. Qxg7 Nc5 55. Be7 Bf3+ 56. Kf1 Ne4 57. Qh7+ Kg4 58. Qg7+ Kf5
59. Qf7+ Kg4 60. Qg7+ Kf5 61. Qf7+ Kg4 62. Qg7+ {Game drawn by repetition}
1/2-1/2

[Event "ICS Rated blitz match"]
[Site "207.99.83.229"]
[Date "1999.05.31"]
[Round "?"]
[White "Hossa"]
[Black "DiepX"]
[Result "0-1"]
[WhiteElo "2526"]
[BlackElo "2638"]
[PlyCount "133"]

1. e4 e5 2. Nf3 Nf6 3. Nxe5 d6 4. Nf3 Nxe4 5. d4 d5 6. Bd3 Be7 7. O-O Nc6 8. c4
Nb4 9. cxd5 Nxd3 10. Qxd3 Qxd5 11. Qc2 c6 12. Re1 Bf5 13. Nc3 Nxc3 14. Qxc3 Be6
15. Qd3 O-O-O 16. Re5 Qd6 17. Bf4 Bf6 18. Re4 Qd5 19. Qe2 Qf5 20. Be5 Bc4 21.
Qe3 Rhe8 22. Rf4 Qe6 23. Bxf6 gxf6 24. Qa3 Qd6 25. Qxd6 Rxd6 26. g3 Re2 27. b3
Bd5 28. Ne1 Rde6 29. Ng2 R6e4 30. Rxf6 Rxd4 31. Ne3 Be6 32. Rh6 Rdd2 33. Rxh7
Rxf2 34. h4 Rxa2 35. Rxa2 Rxa2 36. Nc4 Kc7 37. g4 b5 38. Ne5 Bxb3 39. Nxf7 b4
40. g5 Bc2 41. Rg7 b3 42. Ne5+ Kd6 43. Nc4+ Ke6 44. Nd2 b2 45. Kf2 c5 46. Rc7
Kd6 47. Rf7 Bg6 48. Rf6+ Kd5 49. Kg3 Ra3+ 50. Kg4 Ra4+ 51. Kg3 Rd4 52. Rf2 c4
53. Nb1 Bxb1 54. Rxb2 Bf5 55. Rb5+ Ke6 56. Ra5 c3 57. Ra6+ Ke5 58. Ra5+ Rd5 59.
Rxa7 Rd3+ 60. Kf2 c2 61. Rc7 Rd1 62. Rc5+ Kd4 63. Rc7 c1=Q 64. Rxc1 Rxc1 65.
Kf3 Ke5 66. g6 Bxg6 67. Ke2 {Hossa resigns} 0-1

[Event "ICS Rated blitz match"]
[Site "207.99.83.229"]
[Date "1999.05.31"]
[Round "?"]
[White "DiepX"]
[Black "Hossa"]
[Result "1-0"]
[WhiteElo "2649"]
[BlackElo "2515"]
[PlyCount "182"]

1. e4 e5 2. Nf3 Nf6 3. Nxe5 d6 4. Nf3 Nxe4 5. d3 Nf6 6. d4 Bf5 7. Be2 Be7 8.
O-O O-O 9. Nh4 Be6 10. Nc3 Re8 11. Bf4 Nc6 12. Re1 Nb4 13. Bd2 c5 14. Bb5 cxd4
15. Ne2 Nc6 16. Bxc6 bxc6 17. Nxd4 Qd7 18. b4 Bg4 19. f3 Be6 20. Bg5 Nd5 21.
Bxe7 Qxe7 22. Nhf5 Qd7 23. Nxe6 fxe6 24. c4 exf5 25. Rxe8+ Rxe8 26. cxd5 Re5
27. dxc6 Qxc6 28. Qd4 Re7 29. Rd1 Rd7 30. Qd3 g6 31. Qe2 Kf7 32. a3 Kf6 33.
Qb2+ Ke6 34. Re1+ Kf7 35. Qh8 Qb6+ 36. Kh1 Qc7 37. Qxh7+ Kf6 38. Qg8 Re7 39.
Qf8+ Rf7 40. Qh8+ Rg7 41. h3 Qd7 42. f4 Kf7 43. Re3 d5 44. Rd3 Qb5 45. Rd1 Qd7
46. Rd2 Qc6 47. Kh2 Qd6 48. Rd4 Qd7 49. Qa8 Ke6 50. Kh1 Qb7 51. Qf8 Qe7 52.
Qc8+ Qd7 53. Qa6+ Qd6 54. Qe2+ Kf6 55. Qb2 Kf7 56. Qb3 Ke6 57. Qe3+ Kf6 58. Qc3
Kf7 59. Qc8 Kf6 60. Qc3 Kf7 61. Qf3 Ke6 62. Qg3 Rg8 63. Qh4 Qc6 64. Qh7 Qa8 65.
Rd3 Kf6 66. Re3 Rg7 67. Re6+ Kxe6 68. Qxg7 Qd8 69. Qxg6+ Qf6 70. Qe8+ Qe7 71.
Qh8 Kf7 72. Qh5+ Kf6 73. Qh8+ Kf7 74. Qd4 Qd7 75. h4 a6 76. h5 Qe6 77. Kh2 Kg8
78. a4 Qe4 79. Qxe4 fxe4 80. b5 e3 81. Kg1 axb5 82. axb5 Kh7 83. Kf1 d4 84. b6
d3 85. b7 d2 86. Ke2 Kh6 87. g4 d1=Q+ 88. Kxd1 Kh7 89. g5 Kg7 90. b8=Q Kf7 91.
f5 91... Ke7 {Hossa resigns} 1-0

[Event "ICS rated blitz match"]
[Site "207.99.83.229"]
[Date "1999.05.31"]
[Round "?"]
[White "Hossa"]
[Black "StrongBach"]
[Result "1-0"]
[WhiteElo "2505"]
[BlackElo "1893"]
[PlyCount "57"]

1. e4 e6 2. Nf3 Qf6 3. Nc3 Nc6 4. Bb5 Nge7 5. d4 Rb8 6. e5 Nxe5 7. dxe5 Qf5 8.
Qd4 b6 9. O-O Nc6 10. Bxc6 dxc6 11. Bg5 Ba6 12. Rfd1 Bd6 13. exd6 O-O 14. dxc7
Ra8 15. Rac1 Bc8 16. Qd6 Bb7 17. Be7 Rfe8 18. Nd4 Qh5 19. Nxc6 Bc8 20. Rd2 Kh8
21. Rcd1 Qg4 22. Ne5 Qf5 23. g4 Qf4 24. Rd4 Qxe5 25. Qxe5 f5 26. Rd8 Bb7 27.
Bf8 Rxf8 28. R1d7 fxg4 29. Qxg7# {StrongBach checkmated} 1-0

[Event "ICS Rated blitz match"]
[Site "207.99.83.229"]
[Date "1999.05.31"]
[Round "?"]
[White "razzle"]
[Black "Hossa"]
[Result "1-0"]
[WhiteElo "2736"]
[BlackElo "2498"]
[PlyCount "112"]

1. e4 e5 2. Nf3 Nf6 3. d4 Nxe4 4. Bd3 d5 5. Nxe5 Bd6 6. O-O O-O 7. c4 Bxe5 8.
dxe5 Nc6 9. cxd5 Qxd5 10. Qc2 Nb4 11. Bxe4 Nxc2 12. Bxd5 Bf5 13. g4 Bxg4 14.
Be4 Nxa1 15. Nc3 Bh3 16. Re1 f5 17. exf6 Rxf6 18. Be3 Bf5 19. Bd5+ Be6 20.
Bxe6+ Rxe6 21. Rxa1 a5 22. Nd5 Rc8 23. Rd1 Rg6+ 24. Kf1 Kf7 25. Bf4 c5 26. Nc7
Rg8 27. Rd7+ Kf6 28. Bg3 Rh8 29. Rd5 Kf7 30. Rf5+ Rf6 31. Rxc5 b6 32. Rd5 Kg6
33. Be5 Rc6 34. Rd7 Rg8 35. Bc3 Kh6 36. Nd5 Rc5 37. Nxb6 Rb5 38. Nc4 Rh5 39.
Rd6+ g6 40. Ne5 Rf8 41. Ra6 Rhf5 42. f3 a4 43. Rxa4 Kh5 44. Re4 Ra8 45. a4 Rc8
46. a5 g5 47. a6 Ra8 48. Ra4 Rf6 49. a7 Rb6 50. b4 Kh4 51. Bd4 Rb7 52. Ra6 h5
53. Rh6 g4 54. fxg4 Rf7+ 55. Nxf7 Rf8 56. Bf6+ 56... Kxg4 {Hossa resigns} 1-0

[Event "ICS Rated blitz match"]
[Site "207.99.83.229"]
[Date "1999.05.31"]
[Round "?"]
[White "Hossa"]
[Black "razzle"]
[Result "0-1"]
[WhiteElo "2505"]
[BlackElo "2742"]
[PlyCount "52"]

1. e4 c5 2. Nf3 e6 3. d4 cxd4 4. Nxd4 a6 5. Nc3 Qc7 6. Be2 b5 7. Bf3 Bb7 8. O-O
Nc6 9. Nxc6 dxc6 10. e5 b4 11. Ne2 Rd8 12. Nd4 Rd7 13. Bh5 g6 14. Bg4 Qb6 15.
Be3 c5 16. c3 cxd4 17. Bxd4 Bc5 18. Bxc5 Qc6 19. Qf3 Qxc5 20. Qg3 bxc3 21. bxc3
Ne7 22. Rfd1 Rxd1+ 23. Rxd1 O-O 24. Rd2 Nc6 25. Re2 Rd8 26. Re1 26... Qc4 {
Hossa resigns} 0-1

[Event "ICS Rated blitz match"]
[Site "207.99.83.229"]
[Date "1999.05.31"]
[Round "?"]
[White "Roundrobbin"]
[Black "Hossa"]
[Result "0-1"]
[WhiteElo "2271"]
[BlackElo "2498"]
[PlyCount "48"]

1. Nf3 d5 2. c4 d4 3. e3 Nc6 4. b4 dxe3 5. fxe3 Nxb4 6. d4 e5 7. d5 e4 8. Nd4
Qg5 9. g3 Nf6 10. a3 Na6 11. Nc3 Nc5 12. a4 Bg4 13. Qd2 Bf3 14. Nxf3 exf3 15.
Bd3 Nb3 16. Qb2 Nxa1 17. Qxb7 Rd8 18. c5 Qe5 19. O-O Qxc3 20. Bb5+ Nd7 21. Qxc7
Bxc5 22. d6 f2+ 23. Kh1 Nb3 24. Rxf2 24... Qxc1+ {Roundrobbin resigns} 0-1

[Event "ICS rated blitz match"]
[Site "207.99.83.229"]
[Date "1999.05.31"]
[Round "?"]
[White "Hossa"]
[Black "DiepX"]
[Result "0-1"]
[WhiteElo "2505"]
[BlackElo "2655"]
[PlyCount "104"]

1. e4 g6 2. d4 Bg7 3. c4 d6 4. Nf3 Bg4 5. Be2 Nc6 6. Nbd2 e5 7. d5 Nce7 8. Qb3
b6 9. Ng5 Bxe2 10. Qa4+ b5 11. Qxb5+ c6 12. dxc6 Bg4 13. f3 Bc8 14. c7+ Qd7 15.
f4 Qxb5 16. cxb5 d5 17. exd5 h6 18. Ngf3 Nxd5 19. fxe5 Nxc7 20. a4 Bb7 21. O-O
Rc8 22. Nc4 Nxb5 23. b3 Bxf3 24. axb5 Bd5 25. Nd6+ Kd8 26. Nxc8 Bxe5 27. Rxa7
Kxc8 28. Ra3 Bd4+ 29. Kh1 Ne7 30. Ra4 Bg7 31. Bf4 Kb7 32. Rc1 g5 33. Rc7+ Kb6
34. Rxe7 gxf4 35. Rxf4 Ra8 36. Re1 Ra2 37. Rg4 Bc3 38. Rb1 Kxb5 39. Rg8 Be5 40.
Kg1 Kb4 41. Rg4+ Kc3 42. Re1 Bd4+ 43. Kh1 Bxb3 44. h4 Be6 45. Rg3+ Kd2 46. Rf1
Bc4 47. Rb1 Bd3 48. Rd1+ Kxd1 49. Rxd3+ Rd2 50. Rf3 f6 51. Rf5 Ke2 52. Rh5
52... Be5 {Hossa resigns} 0-1

[Event "ICS rated blitz match"]
[Site "207.99.83.229"]
[Date "1999.05.31"]
[Round "?"]
[White "xroniko"]
[Black "Hossa"]
[Result "0-1"]
[WhiteElo "2174"]
[BlackElo "2507"]
[PlyCount "40"]

1. d4 d5 2. Nf3 Nf6 3. c4 dxc4 4. Nc3 c6 5. a4 Bf5 6. e3 e6 7. Bxc4 Bb4 8. O-O
Nbd7 9. Ne2 O-O 10. Ng3 Bg4 11. h3 Bxf3 12. Qxf3 Qe7 13. e4 Rad8 14. e5 Nd5 15.
Bd3 Qh4 16. Ne4 Be7 17. Kh2 f5 18. Nc3 Qxd4 19. Rd1 Qxe5+ 20. g3 20... Nxc3 {
xroniko resigns} 0-1

[Event "ICS rated blitz match"]
[Site "207.99.83.229"]
[Date "1999.05.31"]
[Round "?"]
[White "Hossa"]
[Black "xroniko"]
[Result "1-0"]
[WhiteElo "2511"]
[BlackElo "2162"]
[PlyCount "39"]

1. e4 e5 2. Nf3 Nf6 3. d4 Nxe4 4. Bd3 d5 5. Nxe5 Nd7 6. Nxd7 Bxd7 7. O-O Qh4 8.
c4 O-O-O 9. c5 g5 10. Be3 Re8 11. Nd2 Nf6 12. Nf3 Qg4 13. Nxg5 Rg8 14. Qxg4
Nxg4 15. Nxh7 Nxe3 16. fxe3 Bh3 17. Bf5+ Bxf5 18. Nf6 Bh6 19. Rxf5 Bxe3+ 20.
Kh1 {xroniko resigns} 1-0

[Event "ICS rated blitz match"]
[Site "207.99.83.229"]
[Date "1999.05.31"]
[Round "?"]
[White "Hossa"]
[Black "WhiteHorse"]
[Result "1-0"]
[WhiteElo "2515"]
[BlackElo "2466"]
[PlyCount "57"]

1. e4 g6 2. d4 Bg7 3. Nc3 d6 4. f4 Nc6 5. Nf3 e6 6. Be2 f5 7. exf5 exf5 8. d5
Nce7 9. O-O Nf6 10. Ng5 h6 11. Ne6 Bxe6 12. dxe6 O-O 13. Qe1 Kh7 14. Bf3 c6 15.
Be3 Qc7 16. Rd1 d5 17. Bd4 Rfe8 18. Qe3 b6 19. Rde1 Qc8 20. a3 Ne4 21. Bxg7
Kxg7 22. Qd4+ Kh7 23. Bxe4 dxe4 24. Qf6 Qc7 25. Rd1 Rad8 26. Rd7 Rxd7 27. Qf7+
Kh8 28. Qxe8+ Ng8 29. exd7 {WhiteHorse resigns} 1-0

[Event "ICS rated blitz match"]
[Site "207.99.83.229"]
[Date "1999.05.31"]
[Round "?"]
[White "WhiteHorse"]
[Black "Hossa"]
[Result "0-1"]
[WhiteElo "2443"]
[BlackElo "2529"]
[PlyCount "62"]

1. d4 d5 2. e3 Bf5 3. f4 Nf6 4. Nf3 e6 5. c3 Bd6 6. Be2 O-O 7. Nbd2 Ng4 8. O-O
Nxe3 9. Qb3 Nxf1 10. Nxf1 Qc8 11. Ng3 Bg4 12. Qd1 c5 13. Be3 Qc7 14. Ne5 Bxe2
15. Qxe2 f6 16. Nd3 c4 17. Nf2 Nc6 18. Nh3 e5 19. fxe5 fxe5 20. Ng5 Rae8 21.
Qh5 h6 22. Nf3 exd4 23. Bxd4 Bxg3 24. hxg3 Qf7 25. Qg4 Re4 26. Qh3 Nxd4 27.
cxd4 Re2 28. Rf1 Rxb2 29. Qg4 Rxa2 30. Kh2 Qf5 31. Qh4 31... Qd3 {
WhiteHorse resigns} 0-1

[Event "ICS rated blitz match"]
[Site "207.99.83.229"]
[Date "1999.05.31"]
[Round "?"]
[White "Hossa"]
[Black "WhiteHorse"]
[Result "1-0"]
[WhiteElo "2541"]
[BlackElo "2423"]
[PlyCount "69"]

1. e4 g6 2. d4 Bg7 3. Nc3 d6 4. f4 Nc6 5. Nf3 e6 6. Be2 f5 7. exf5 exf5 8. d5
Nce7 9. O-O Nf6 10. Ng5 h6 11. Ne6 Bxe6 12. dxe6 O-O 13. Qe1 Kh7 14. Bf3 c6 15.
Be3 d5 16. Rd1 b6 17. Bd4 Qc7 18. Be5 Qb7 19. Qe3 Rad8 20. Ne2 Rfe8 21. b4 Qc8
22. Nd4 c5 23. bxc5 bxc5 24. Nb5 Qxe6 25. Nc7 Qd7 26. Nxe8 Rxe8 27. Qxc5 Ne4
28. Bxe4 fxe4 29. Bxg7 Kxg7 30. c4 Rd8 31. Rfe1 d4 32. Rxe4 Nf5 33. Rdxd4 Nxd4
34. Re7+ Kf6 35. Qe5# {WhiteHorse checkmated} 1-0

[Event "ICS rated blitz match"]
[Site "207.99.83.229"]
[Date "1999.05.31"]
[Round "?"]
[White "WhiteHorse"]
[Black "Hossa"]
[Result "0-1"]
[WhiteElo "2432"]
[BlackElo "2552"]
[PlyCount "43"]

1. d4 d5 2. e3 Bf5 3. f4 Nf6 4. Nf3 e6 5. c3 Bd6 6. Be2 O-O 7. O-O Nbd7 8. Nbd2
Ng4 9. Nb1 c5 10. h3 Ngf6 11. Ne5 cxd4 12. exd4 Ne4 13. Bf3 Ng3 14. Re1 f6 15.
Ng4 Qc7 16. Ne3 Bxb1 17. Rxb1 Bxf4 18. Nf1 Bxc1 19. Rxc1 Rfe8 20. Rxe6 Rxe6 21.
Bxd5 Qd6 22. Qb3 {WhiteHorse resigns} 0-1

[Event "ICS rated blitz match"]
[Site "207.99.83.229"]
[Date "1999.05.31"]
[Round "?"]
[White "Roundrobbin"]
[Black "Hossa"]
[Result "0-1"]
[WhiteElo "2211"]
[BlackElo "2563"]
[PlyCount "34"]

1. e4 e5 2. Nf3 Nc6 3. Bc4 Nf6 4. Ng5 d5 5. exd5 Nxd5 6. Nxf7 Kxf7 7. Qf3+ Ke6
8. Nc3 Ncb4 9. O-O c6 10. d4 Nxc2 11. Bg5 Qxg5 12. Nxd5 cxd5 13. Qxd5+ Kf5 14.
Bd3+ Kf6 15. Bxc2 exd4 16. Qd8+ Be7 17. Qxh8 17... Bh3 {Roundrobbin resigns}
0-1

[Event "ICS Rated blitz match"]
[Site "207.99.83.229"]
[Date "1999.05.31"]
[Round "?"]
[White "Hossa"]
[Black "PostModernist"]
[Result "0-1"]
[WhiteElo "2567"]
[BlackElo "2561"]
[PlyCount "146"]

1. e4 d6 2. d4 Nf6 3. Nc3 c6 4. Nf3 Qc7 5. Bc4 Nbd7 6. O-O e6 7. Re1 Nb6 8. Bd3
Be7 9. e5 Nfd5 10. Nxd5 Nxd5 11. Ng5 dxe5 12. dxe5 Bb4 13. Re4 h6 14. c4 Nc3
15. bxc3 Bxc3 16. Nxf7 Qxf7 17. Rf4 Qd7 18. Rb1 Kd8 19. Re4 Qc7 20. Bb2 Bxb2
21. Rxb2 Bd7 22. Qe2 Rf8 23. Rg4 Rf7 24. Bg6 Rf8 25. Rd2 Ke7 26. Qd3 Rfd8 27.
Rd4 Be8 28. Rd6 Bxg6 29. Qxg6 Kf8 30. Qxe6 Re8 31. Qf5+ Kg8 32. e6 Qe7 33. Qg6
Qc7 34. Rd1 Kh8 35. Rd7 Qe5 36. f4 Qe3+ 37. Kh1 Rg8 38. f5 Raf8 39. e7 Rf6 40.
Qh5 b5 41. cxb5 cxb5 42. Rb1 Qe5 43. Rf1 a6 44. h3 Kh7 45. h4 a5 46. Ra7 Rc8
47. Rxa5 Qxe7 48. Rxb5 Rc2 49. Ra5 Qb4 50. Qd1 Qxh4+ 51. Kg1 Qc4 52. a4 Rb6 53.
Qf3 Rb3 54. Qf4 Qc6 55. Qg4 Rbb2 56. Qg6+ Qxg6 57. fxg6+ Kxg6 58. Kh2 Rxg2+ 59.
Kh3 Rbf2 60. Rxf2 Rxf2 61. Kg4 Kf6 62. Ra6+ Ke5 63. Rg6 Rg2+ 64. Kf3 Rxg6 65.
Ke2 h5 66. Kd2 h4 67. Kc2 h3 68. Kb2 h2 69. Ka3 h1=Q 70. Kb3 Rg3+ 71. Kb4 Qd5
72. a5 Rb3+ 73. Ka4 73... Qc4# {Hossa checkmated} 0-1

[Event "ICS rated blitz match"]
[Site "207.99.83.229"]
[Date "1999.05.31"]
[Round "?"]
[White "Roundrobbin"]
[Black "Hossa"]
[Result "0-1"]
[WhiteElo "2200"]
[BlackElo "2551"]
[PlyCount "64"]

1. Nf3 d5 2. c4 d4 3. e3 Nc6 4. b4 dxe3 5. fxe3 Nxb4 6. Qa4+ Nc6 7. d4 Bd7 8.
Qd1 e5 9. d5 Nb4 10. a3 e4 11. Nd4 Na6 12. Be2 Qh4+ 13. g3 Qh3 14. Nc3 Qg2 15.
Kd2 O-O-O 16. Qf1 Qxf1 17. Rxf1 Nf6 18. Bb2 Bc5 19. Ncb5 Bh3 20. Rf4 c6 21. Nc3
Rhe8 22. Kc2 Bxd4 23. exd4 Nc7 24. dxc6 bxc6 25. Rd1 Ne6 26. Rh4 Bf5 27. Na4
e3+ 28. Bd3 Bxd3+ 29. Kxd3 g5 30. Rh6 Ng4 31. Rxe6 Rxe6 32. Ke2 32... Rh6 {
Roundrobbin resigns} 0-1

[Event "ICS rated blitz match"]
[Site "207.99.83.229"]
[Date "1999.05.31"]
[Round "?"]
[White "Hossa"]
[Black "SuperChicken"]
[Result "1-0"]
[WhiteElo "2555"]
[BlackElo "2695"]
[PlyCount "123"]

1. e4 c5 2. Nf3 e6 3. d4 cxd4 4. Nxd4 a6 5. Nc3 Qc7 6. Bd3 Nf6 7. Bg5 Be7 8.
Qe2 Ba3 9. Bc1 Bc5 10. Nb3 Bd6 11. Bg5 Be5 12. Qd2 O-O 13. O-O-O h6 14. Be3 Ng4
15. Ne2 Nc6 16. f4 Bd6 17. e5 Bb4 18. c3 Nxe3 19. Qxe3 Be7 20. Qe4 g6 21. Qe3
a5 22. Qh3 a4 23. Nbd4 a3 24. Qxh6 axb2+ 25. Kxb2 Qb6+ 26. Ka1 Nxd4 27. cxd4
Qa5 28. Bb1 Bb4 29. Rd3 Qa3 30. Rxa3 Rxa3 31. Bc2 b6 32. f5 exf5 33. Bb3 Rxb3
34. axb3 Ba6 35. Nf4 Bc3+ 36. Kb1 Bd2 37. Rd1 Be3 38. Qh4 Bb7 39. d5 Bxf4 40.
Qxf4 b5 41. Qb4 Ba6 42. Qd6 Bc8 43. Qb6 b4 44. Rd4 f4 45. Rxf4 d6 46. exd6 g5
47. Rxb4 Bf5+ 48. Kb2 f6 49. Qf2 Bd7 50. Rb7 Bc8 51. Rc7 Bh3 52. b4 Bd7 53.
Rxd7 Rf7 54. Qe2 Rxd7 55. Qe6+ Kh7 56. Qxd7+ Kg6 57. Qe8+ Kf5 58. Qe6+ Kg6 59.
d7 Kh5 60. Qxf6 g4 61. d8=B g3 62. Qg5# {SuperChicken checkmated} 1-0

[Event "ICS Rated blitz match"]
[Site "207.99.83.229"]
[Date "1999.05.31"]
[Round "?"]
[White "Hossa"]
[Black "JUNIORE"]
[Result "1-0"]
[WhiteElo "2577"]
[BlackElo "2288"]
[PlyCount "71"]

1. e4 c5 2. Nf3 Nc6 3. d4 cxd4 4. Nxd4 Nf6 5. Nc3 e5 6. Ndb5 d6 7. Bg5 a6 8.
Bxf6 gxf6 9. Na3 b5 10. Nd5 Bg7 11. c4 f5 12. cxb5 Nd4 13. bxa6 O-O 14. exf5
Bxf5 15. Bc4 Qg5 16. O-O Bg4 17. f3 Bh3 18. Rf2 e4 19. fxe4 Be5 20. Qd3 Bg4 21.
Qf1 Ne6 22. Kh1 Kh8 23. h3 Qh5 24. Ne3 Rg8 25. Nxg4 Rxg4 26. Be2 Qh4 27. Bxg4
Qg3 28. Qg1 Rg8 29. Rf3 Qh4 30. g3 Qh6 31. Bxe6 fxe6 32. Nc4 Qxh3+ 33. Qh2 Qg4
34. Nxe5 Qxe4 35. Nf7+ Kg7 36. Qh6# {JUNIORE checkmated} 1-0

[Event "ICS rated blitz match"]
[Site "207.99.83.229"]
[Date "1999.05.31"]
[Round "?"]
[White "Panthee"]
[Black "Hossa"]
[Result "0-1"]
[WhiteElo "2261"]
[BlackElo "2582"]
[PlyCount "128"]

1. e4 e5 2. Nf3 Nc6 3. Bb5 a6 4. Ba4 Nf6 5. O-O Be7 6. Re1 b5 7. Bb3 O-O 8. c3
d5 9. exd5 Nxd5 10. Nxe5 Nxe5 11. Rxe5 c6 12. d4 Bd6 13. Re1 Qh4 14. g3 Qh3 15.
Be3 Bg4 16. Qd3 Bf3 17. Qf1 Qxf1+ 18. Kxf1 Bg4 19. Nd2 Bh3+ 20. Kg1 Rae8 21. a4
b4 22. c4 Nf6 23. a5 Ng4 24. Bc2 Rd8 25. Ne4 Be7 26. b3 Rd7 27. Bd3 f5 28. Nd2
Bf6 29. Nf3 Nxe3 30. fxe3 Bg4 31. Nd2 Rxd4 32. exd4 Bxd4+ 33. Kg2 Bxa1 34. Rxa1
Rd8 35. Ne4 Bf3+ 36. Kxf3 Rxd3+ 37. Kf4 fxe4 38. Kxe4 Rxb3 39. Kd4 Rb2 40. Kc5
Rxh2 41. Kxb4 h5 42. Kc5 Rg2 43. Ra3 g5 44. Kb6 Rh2 45. Kxa6 h4 46. gxh4 Rxh4
47. c5 Rb4 48. Rd3 Rb5 49. Rd6 Rxc5 50. Kb6 Rb5+ 51. Kxc6 Rxa5 52. Rd5 Ra6+ 53.
Kc5 Kf7 54. Kd4 Kg6 55. Ke3 Rf6 56. Rd2 Kh5 57. Rg2 Kh4 58. Ke2 g4 59. Ke1 g3
60. Ke2 Kh3 61. Rg1 g2 62. Re1 Re6+ 63. Kf2 Rxe1 64. Kxe1 64... g1=Q+ {
Panthee resigns} 0-1

[Event "ICS rated blitz match"]
[Site "207.99.83.229"]
[Date "1999.06.01"]
[Round "?"]
[White "YucLam"]
[Black "Hossa"]
[Result "0-1"]
[WhiteElo "2438"]
[BlackElo "2570"]
[PlyCount "89"]

1. e4 c5 2. Nc3 a6 3. g3 e5 4. Bg2 Nf6 5. d3 Nc6 6. Be3 Be7 7. h3 O-O 8. Nge2
Qb6 9. Qd2 Qxb2 10. O-O Nd4 11. Bxd4 cxd4 12. Nd5 Nxd5 13. exd5 Bb4 14. Qd1 Qa3
15. Be4 d6 16. Kh2 Bd7 17. f4 f6 18. Ng1 Bc3 19. Qh5 f5 20. Nf3 Bxa1 21. Ng5 h6
22. Bg2 hxg5 23. fxg5 Qxa2 24. g6 Rf6 25. Qh7+ Kf8 26. Qh8+ Ke7 27. Qxg7+ Kd8
28. Qxf6+ Kc7 29. g7 Rc8 30. Qf8 Bc3 31. Qxc8+ Bxc8 32. g8=Q Qxc2 33. h4 Qxd3
34. h5 Qe2 35. Qf7+ Kb8 36. h6 d3 37. h7 e4 38. Rc1 Qc2 39. Rxc2 dxc2 40. Qg8
c1=Q 41. h8=Q Bxh8 42. Qxh8 Qd2 43. Qf6 Qxd5 44. Qb2 Qe5 45. Bf1 {
YucLam resigns} 0-1

[Event "ICS rated blitz match"]
[Site "207.99.83.229"]
[Date "1999.06.01"]
[Round "?"]
[White "YucLam"]
[Black "Hossa"]
[Result "0-1"]
[WhiteElo "2428"]
[BlackElo "2580"]
[PlyCount "60"]

1. d4 d5 2. Nf3 Nf6 3. Bg5 e6 4. e3 Bd6 5. Bd3 O-O 6. Nbd2 Nc6 7. c3 h6 8. Bh4
e5 9. dxe5 Nxe5 10. Nxe5 Bxe5 11. Bg3 Bxg3 12. hxg3 c5 13. Qc2 Ng4 14. Nf3 Qa5
15. O-O Nf6 16. c4 Be6 17. a3 Rad8 18. Rad1 d4 19. exd4 cxd4 20. Rfe1 Bg4 21.
Be4 Rde8 22. Qb1 Nxe4 23. Rxe4 Bf5 24. Rde1 Bxe4 25. Rxe4 Qf5 26. Nd2 Rxe4 27.
Qxe4 Qxe4 28. Nxe4 d3 29. Kf1 Re8 30. Nc3 30... d2 {YucLam resigns} 0-1

[Event "ICS rated blitz match"]
[Site "207.99.83.229"]
[Date "1999.06.01"]
[Round "?"]
[White "Diepeveen"]
[Black "Hossa"]
[Result "0-1"]
[WhiteElo "2334"]
[BlackElo "2589"]
[PlyCount "56"]

1. e4 c5 2. Nc3 a6 3. g3 e5 4. Bg2 Nf6 5. d3 Nc6 6. h3 Be7 7. Nge2 O-O 8. Be3
Qb6 9. Rb1 Bd6 10. O-O Qa5 11. f4 Nb4 12. f5 Nxa2 13. Nxa2 Qxa2 14. g4 Qa5 15.
Ng3 Ne8 16. g5 Qa4 17. h4 Kh8 18. h5 f6 19. gxf6 Nxf6 20. h6 gxh6 21. Nh5 Nxh5
22. Qxh5 Qxc2 23. Bxh6 Rg8 24. Bg5 Be7 25. f6 Bf8 26. Rbc1 Qxb2 27. Rf2 Qd4 28.
Bh3 28... Qe3 {Diepeveen resigns} 0-1

[Event "ICS rated blitz match"]
[Site "207.99.83.229"]
[Date "1999.06.01"]
[Round "?"]
[White "YucLam"]
[Black "Hossa"]
[Result "1-0"]
[WhiteElo "2419"]
[BlackElo "2595"]
[PlyCount "88"]

1. e4 c5 2. Nc3 a6 3. g3 e5 4. Bg2 Nf6 5. d3 Nc6 6. h3 Be7 7. Nge2 O-O 8. Be3
Qb6 9. Rb1 Bd6 10. O-O Qa5 11. f4 Nb4 12. f5 Nxa2 13. Nxa2 Qxa2 14. g4 Qa5 15.
Ng3 Ne8 16. g5 Qa4 17. h4 Kh8 18. h5 f6 19. gxf6 Nxf6 20. h6 gxh6 21. b3 Qc6
22. Nh5 Ng8 23. f6 Rf7 24. Qg4 Bf8 25. Qg3 d6 26. Kh2 Bd7 27. Rf2 Be6 28. Rg1
Rc7 29. Bh3 Qe8 30. Rfg2 Qf7 31. Bxe6 Qxh5+ 32. Bh3 Qg6 33. Qh4 Qf7 34. Rxg8+
Qxg8 35. Rxg8+ Kxg8 36. Be6+ Kh8 37. Qg4 Bg7 38. fxg7+ Rxg7 39. Qh3 Rf8 40. Bf5
Rf6 41. Bxh6 Rc7 42. Qh4 Rcf7 43. Bg5 Rxf5 44. exf5 44... h5 {Hossa resigns}
1-0

[Event "ICS rated blitz match"]
[Site "207.99.83.229"]
[Date "1999.06.01"]
[Round "?"]
[White "Diepeveen"]
[Black "Hossa"]
[Result "0-1"]
[WhiteElo "2328"]
[BlackElo "2572"]
[PlyCount "52"]

1. e4 d5 2. exd5 Qxd5 3. Nc3 Qa5 4. d4 Nf6 5. Nf3 Bg4 6. Bc4 e6 7. h3 Qh5 8.
Be2 Nc6 9. O-O Bxf3 10. Bxf3 Qg6 11. Be3 Bd6 12. d5 Nb4 13. dxe6 O-O-O 14. Qe2
fxe6 15. Nb5 Qxc2 16. Nxa7+ Kb8 17. Qb5 Nfd5 18. Rfc1 Qf5 19. a3 c6 20. Nxc6+
Nxc6 21. Rxc6 Qe5 22. g3 Rhf8 23. Bg2 Rd7 24. Rac1 Nxe3 25. R6c5 Bxc5 26. Qxd7
26... Nxg2 {Diepeveen resigns} 0-1